000 00727nam a2200217Ia 4500
003 GCL
008 140319s9999 xx 000 0 ara d
020 _a4615919977
040 _aGCL /
_cGCL
082 0 4 _a519.5
_bع ن
100 1 _aعبدالحفيظ محمد فوزى مصطفى
245 1 0 _aنظرية اختبار الفرضيات /
_cعبدالحفيظ محمد فوزى مصطفى
250 _aالاولى
260 _aالقاهرة :
_bمجموعة النيل العربية ،
_c2002
300 _a454 ص ؛
_c24 سم
650 0 4 _aالفروض
650 0 4 _aالاستدلال الاحصائى
650 0 4 _aالاحصاء الرياضى
650 0 4 _aالاحصاء التحليلى
942 _2ddc
_cBK
999 _c5476
_d5476